Forest biodiversity in North, Central and South America, and the Caribbean : (Registro nro. 2738)

Detalles MARC
000 -CABECERA
Campo de control 01109cam a2200265 i 4500
005 - FECHA Y HORA DE LA ULTIMA TRANSACCION
Campo de control 20160118025130.0
008 - ELEMENTOS DE LONGITUD FIJA—INFORMACION GENERAL
Campo de control 980520s1998 fr a b 101 0 eng
020 ## - ISBN
ISBN 1850709645
040 ## - FUENTE DE CATALOGACIÓN
Agencia catalogadora original DLC
Agencia transcriptora DLC
Agencia Modificadora DLC
-- WaU
-- DLC
041 0# - IDIOMA
Código de idioma para texto/pista de sonido o título separado Inglés
043 ## - GEOGRAPHIC AREA CODE
Geographic area code n------
-- s------
-- cc-----
044 ## - PAÍS DE PUBLICACIÓN
País de publicación Francia
082 04 - NUMERO DE CLASIFICACION DECIMAL DEWEY
Número de clasificación 577.3097
Número del ítem F71f
245 00 - MENCION DE TITULO
Título Forest biodiversity in North, Central and South America, and the Caribbean :
Parte restante del título research and monitoring /
Mención de responsabilidad edited by F. Dallmeier and J.A. Comiskey.
260 ## - PUBLICACION, DISTRIBUCION, ETC. (PIE DE IMPRENTA)
Lugar de publicación, distribución, etc. Paris :
Nombre del editor, distribuidor, etc. UNESCO,
Fecha de publicación, distribución, etc. 1998.
300 ## - DESCRIPCION FISICA
Extensión xxiv, 768 p. :
Otros detalles físicos ill. ;
Dimensiones 24 cm.
504 ## - NOTA DE BIBLIOGRAFIA, ETC.
Nota de bibliografía Incluye referencias bibliográficas e índice.
650 14 - ASIENTO SECUNDARIO DE MATERIA - TERMINO TEMATICO
Término temático o nombre geográfico como elemento de entrada Diversidad biológica
Subdivisión general Investigación
Subdivisión geográfica America
Subdivisión de forma Congresos, conferencias, etc.
9 (RLIN) 52035
650 24 - ASIENTO SECUNDARIO DE MATERIA - TERMINO TEMATICO
Término temático o nombre geográfico como elemento de entrada Ecología forestal
Subdivisión geográfica America
Subdivisión de forma Congresos, conferencias, etc.
9 (RLIN) 52036
650 24 - ASIENTO SECUNDARIO DE MATERIA - TERMINO TEMATICO
Término temático o nombre geográfico como elemento de entrada Fauna florestal
Subdivisión geográfica America
Subdivisión de forma Congresos, conferencias, etc.
9 (RLIN) 52037
650 24 - ASIENTO SECUNDARIO DE MATERIA - TERMINO TEMATICO
Término temático o nombre geográfico como elemento de entrada Flora forestal
Subdivisión geográfica America
Subdivisión de forma Congresos, conferencias, etc.
9 (RLIN) 52038
700 1# - ASIENTO SECUNDARIO - NOMBRE PERSONAL
Nombre personal Dallmeier, Francisco,
Término de relación editor.
9 (RLIN) 11505
700 1# - ASIENTO SECUNDARIO - NOMBRE PERSONAL
Nombre personal Comiskey, J. A.
Forma más completa del nombre (James A.),
Término de relación editor.
9 (RLIN) 52039
942 ## - ELEMENTOS ADICIONALES (KOHA)
Sistema de clasificación Dewey Decimal Classification
Tipo de ítem Libro
Existencias
Withdrawn status Lost status Sistema de Clasificación Damaged status No para préstamo Colección Inventariado Ubicación Permanente Ubicación actual Fecha de adquisición Fuente de Valor Valor Total Checkouts Número topográfico Inventario / Código de Barras Date last seen Ejemplar Price effective from Forma de adquisición Tipo de material
    Dewey Decimal Classification     General Inventariado 2017 Bogotá Bogotá 17/06/2002 Rudas, Guillermo 39000.00   LB-577.3097 F71f 004933 04/12/2012 Ej. 1 04/12/2012 Compra Libro
    Dewey Decimal Classification     General Inventariado 2017 Sala Fabio Quevedo Sala Fabio Quevedo 17/01/2006 CID Humboldt 39000.00   LB-577.3097 F71f 022903 04/12/2012 Ej. 2 04/12/2012 Compra Libro